000 00664nam a2200253 a 4500
001 nice12345678
003 IN_TiNIC
005 20260116014928.0
008 050524s1983 nota grp 000 0 eng
020 _a0268546
_c100
082 0 0 _a241
_bHAU
100 _aHauerwas, Stanley
245 _aPeaceable Kingdom
_b Primer in Christian Ethics
260 _aNotre Dame in
_bUniversity of Notre Dame Press
_c1983
300 _a179p
500 _aincludes index and biblioraphy
505 2 _aNotes, Index
650 _aPeace-Making
650 _aTheology-Moral
700 1 _aHauerwas, Stanley
902 _bSRS
942 _cBK
999 _c17585
_d17585